000 01361nam a2200337 a 4500
001 ebr10748476
003 CaPaEBR
006 m o u
007 cr cn|||||||||
008 130830s2013 qucad sb 011 0 eng d
020 _z9780773541252 (cloth)
020 _z9780773588721 (e-book)
040 _aCaPaEBR
_cCaPaEBR
035 _a(OCoLC)829421939
050 1 4 _aJF1351
_b.G68 2013eb
082 0 4 _a351
_223
245 0 0 _aGoverning
_h[electronic resource] :
_bessays in honour of Donald J. Savoie /
_cedited by James Bickerton and B. Guy Peters.
260 _aMontreal :
_bMcGill-Queen's University Press,
_c2013.
300 _axi, 342 p. :
_bill.
504 _aIncludes bibliographical references and index.
505 0 _apt. 1. Executive power and public administration -- pt. 2. Regional development.
533 _aElectronic reproduction.
_bPalo Alto, Calif. :
_cebrary,
_d2013.
_nAvailable via World Wide Web.
_nAccess may be limited to ebrary affiliated libraries.
650 0 _aPublic administration.
650 0 _aRegional planning.
655 7 _aElectronic books.
_2local
700 1 _aSavoie, Donald J.
700 1 _aBickerton, James.
700 1 _aPeters, B. Guy.
710 2 _aebrary, Inc.
856 4 0 _uhttp://site.ebrary.com/lib/rucke/Doc?id=10748476
_zAn electronic book accessible through the World Wide Web; click to view
999 _c219132
_d219132